00746nam a22002052 b450000100060000000300080000600500170001400800410003103500190007204000410009104100080013208200290014010000340016924501710020326000430037430000250041750400200044250600430046260000350050526217BD-RjUL20211209051003.0140320s1970 vau 001 2 eng d a(BD-RjUL)26287 aBIP USdWaSeSSdBD-RjULbengcBIP US aeng 222a826.8bLET V-20 19701 aNewman, John Henryd1801-189014aThe Letters and Diaries of John Henry Newman /cJohn Henry Newman, Cardinal; Charles Stephen DessainnVolume XXpStanding firm amid trials, July 1861 to December 1863 aLondon :bForestry Commission,cc1970. axv, 609 p. ;c25 cm. aIncludes index. aLicense restrictions may limit access.10aNewman, John Henry,d1801-1890